Lettre d'un ami de la vérité à ceux qui ne haïssent pas la lumière : ou Réflexions critiques sur les reproches faits à la Société de Jesus, relativement à la doctrine.

Bibliographic Details
Main Author: Frey de Neuville, Charles, 1693-1774
Other Authors: Cabut, Pierre, 1732-
Format: Book
Language:French
Published: [Paris?] : [publisher not identified], [1762?]
Subjects:

MARC

Tag First Indicator Second Indicator Subfields
LEADER 00000cam a2200000Ia 4500
001 in00002440621
005 20210413161104.0
008 900914s1762 fr 000 0 fre d
029 1 |a NLGGC  |b 043096530 
035 |a (OCoLC)ocm22376058 
035 |a (OCoLC)22376058 
040 |a JFS  |e bdrb  |c JFS  |d OCLCG  |d TXA  |d UtOrBLW 
049 |a TXAM 
090 |a BX3731  |b .F73 1762 
100 1 |a Frey de Neuville, Charles,  |d 1693-1774. 
245 1 0 |a Lettre d'un ami de la vérité à ceux qui ne haïssent pas la lumière :  |b ou Réflexions critiques sur les reproches faits à la Société de Jesus, relativement à la doctrine. 
246 3 0 |a Réflexions critiques sur les reproches faits à la Société de Jesus, relativement à la doctrine. 
264 1 |a [Paris?] :  |b [publisher not identified],  |c [1762?] 
300 |a 59 pages, 1 unnumbered page ;  |c 17 cm. 
336 |a text  |b txt  |2 rdacontent 
337 |a unmediated  |b n  |2 rdamedia 
338 |a volume  |b nc  |2 rdacarrier 
500 |a Attributed by Barbier to Charles Frey de Neuville, S.J. and by Backer-Sommervogel to Pierre Cabut, S.J. 
590 |a One of the Cushing Library/Dawson French Collection copies is bound with: Lettre d'un ami de la vérité à ceux qui ne haïssent pas la lumière -- Très graves accusations contre les Jesuites. [A Rome : publisher not identified, 1761] -- Jugement de la Sénéchaussée de Lyon, qui supprime une brochure ayant pour titre : réponse aux objections publieés contre l'Institut des Jésuites, &c. M.DCC.LXI. comme séditieuse & attentatoire à l'honneir & à l'autorité de la magistrature : du 17 décembre 1761 / extrait des registres de la Sénéchaussée de Lyon. [France? : publisher not identified, 1761?] -- Lettre d'un évêque à un de ses confrères : assemblés à Paris par ordre du roi / pour donner leur avis à S.M., sur quatre points concernant l'affaire des Jésuites. [Place of publication not identified : publisher not identified, 1761?] -- Les Jésuites convaincus par leurs propres ouvrages d'être toujours les mêmes. [A Rome : publisher not identified, 1761] -- Analyse de l'esprit du jansénisme / [Denesle]. [A Amsterdam : publisher not identified, 1760]. 
500 |a One of the Cushing Library/Dawson French Collection copies is bound with: Observations sur l'arrêt du parlement de Paris, du 6. août 1761. [A Avignon : Chez J. Chambeau, 1767] -- Tout le monde a tort, ou jugement impartial d'une dame philosophe, sur l'affaire présente des Jesuites. [France : publisher not identified, 1762] -- Lettre d'un ami de la vérité à ceux qui ne haïssent pas la lumière; ou réflexions critiques sur les reproches faits à la Société de Jésus, relativement à la doctrine. [Place of publication not identified : publisher not identified, 17--?] -- Compte rendu a un ami de la premiere partie de la réponse des Jésuites au livre des Assertions. [Place of publication not identified : publisher not identified, 1764] -- Lettre sur le procés verbal de vérification des textes des assertions cités dans l'instruction pastorale de M. l'Archevèque de Paris, du 28 Octobre 1763. [Place of publication not identified : publisher not identified, 17--?] -- Remontrances du Parlement de Besançon, au sujet de l'édit du mois de novembre 1764. [Place of publication not identified : publisher not identified, 1765].  |5 TXA 
510 4 |a Barbier, A.A. Ouvrages anonymes,  |c II, 1138; Backer-Sommervogel, vol. 2, col. 501, no. 2 
610 2 0 |a Jesuits  |v Controversial literature. 
700 1 |a Cabut, Pierre,  |d 1732- 
740 0 2 |a Très graves accusations contre les Jesuites. 
740 0 2 |a Jugement de la Sénéchaussée de Lyon, qui supprime une brochure ayant pour titre. 
740 0 2 |a Lettre d'un évêque à un de ses confrères. 
740 0 2 |a Jésuites convaincus par leurs propres ouvrages d'être toujours les mêmes. 
740 0 2 |a Analyse de l'esprit du jansénisme. 
948 |a cataloged  |b h  |c 2009/12/22  |d c  |e hgolay  |f 3:41:26 pm 
994 |a C0  |b TXA 
999 |a MARS 
999 f f |s d2893c0c-1650-352f-9f34-ed775018a96a  |i e5a8549b-6a2b-3778-b6c0-caddd01924af  |t 0 
952 f f |p noncirc  |a Texas A&M University  |b College Station  |c Cushing Memorial Library & Archives  |d Cushing: Dawson French (Does not check out)  |t 0  |e BX3731 .F73 1762  |h Library of Congress classification  |i unmediated -- volume  |m A14852102004 
952 f f |p noncirc  |a Texas A&M University  |b College Station  |c Cushing Memorial Library & Archives  |d Cushing: Dawson French (Does not check out)  |t 0  |e BX3731 .O27 1761  |h Library of Congress classification  |i unmediated -- volume  |m A14852101956 
952 f f |a Texas A&M University  |b College Station  |c Cushing Memorial Library & Archives  |d Cushing: Dawson French (Does not check out)  |t 0  |e BX3731 .O27 1761  |h Library of Congress classification 
998 f f |a BX3731 .O27 1761  |t 0  |l Cushing: Dawson French (Does not check out) 
998 f f |a BX3731 .F73 1762  |t 0  |l Cushing: Dawson French (Does not check out)